书目信息 |
| 题名: |
德国
|
|
| 作者: | ;吴庆利 , 王桂寅 , 祖国霞 翻译 ;新加坡APA出版有限公司 编 | |
| 分册: | ||
| 出版信息: | 北京 中国水利水电出版社 2000.09 |
|
| 页数: | 393页 | |
| 开本: | 23cm | |
| 丛书名: | 异域风情丛书 | |
| 单 册: | ||
| 中图分类: | K951.69 | |
| 科图分类: | ||
| 主题词: | ||
| 电子资源: | ||
| ISBN: | 7-5084-0279-0 | |
| 000 | 01187nam 2200313 450 | |
| 001 | 012008052585 | |
| 005 | 20080318151910.70 | |
| 010 | @a7-5084-0279-0@dCNY68.00 | |
| 100 | @a20080318d2000 km y0chiy0120 ea | |
| 101 | 1 | @achi@ceng |
| 102 | @aCN@b110000 | |
| 105 | @aa a 000yy | |
| 106 | @ar | |
| 200 | 1 | @a德国@Ade guo@f[新加坡APA出版有限公司编]@F[xin jia po APA chu ban you xian gong si bian]@g祖国霞, 吴庆利, 王桂寅翻译@Gzu guo xia,wu qing li,wang gui yin fan yi |
| 210 | @a北京@c中国水利水电出版社@d2000.09 | |
| 215 | @a393页@c图@d23cm | |
| 225 | 2 | @a异域风情丛书@Ayi yu feng qing cong shu@v1 |
| 304 | @a责任者取自版权页。 | |
| 320 | @a有书目 (第393页)。 | |
| 330 | @a本书全面介绍了德国的地理环境、政治经济、历史沿革、文化艺术,柏林、慕尼黑、法兰克福等主要城市的名胜古迹、风土人情、自然风光。 | |
| 410 | 0 | @12001 @a异域风情丛书 |
| 607 | 0 | @a德国@Ade guo@x概况 |
| 690 | @aK951.69@v4 | |
| 702 | 0 | @a吴庆利@Awu qing li@4翻译 |
| 702 | 0 | @a王桂寅@Awang gui yin@4翻译 |
| 702 | 0 | @a祖国霞@Azu guo xia@4翻译 |
| 711 | 02 | @a新加坡APA出版有限公司@Axin jia po APA chu ban you xian gong si@4编 |
| 801 | 0 | @aCN@bQSSK@c20080318 |
| 905 | @b20286923-25@dK951.69@eX547@f3 | |
| 德国/[新加坡APA出版有限公司编]/祖国霞, 吴庆利, 王桂寅翻译.-北京:中国水利水电出版社,2000.09 |
| 393页:图;23cm.-(异域风情丛书;1) |
| ISBN 7-5084-0279-0:CNY68.00 |
| 本书全面介绍了德国的地理环境、政治经济、历史沿革、文化艺术,柏林、慕尼黑、法兰克福等主要城市的名胜古迹、风土人情、自然风光。 |
| ● |
| 相关链接 |
|
|
|
正题名:德国
索取号:K951.69/X547
 
预约/预借
| 序号 | 登录号 | 条形码 | 馆藏地/架位号 | 状态 | 备注 |
| 1 | 286923 | 202869235 | 社科库309/309社科库 28排1列1层/ [索取号:K951.69/X547] | 在馆 | |
| 2 | 286924 | 202869244 | 社科库309/309社科库 28排1列1层/ [索取号:K951.69/X547] | 在馆 | |
| 3 | 286925 | 202869253 | 社科库309/309社科库 29排1列4层/ [索取号:K951.69/X547] | 在馆 |